000 00631nam a2200205Ii 4500
003 JO-AjNU
008 230605s9999||||xx |||||||||||||| ||und||
017 _a41294
040 _aJO-AjNU
_bara
_erda
_cJO-AjNU
041 _aara
050 1 4 _aPJ7507 2013
100 3 _aعودة، زياد,
_eauthor
_950405
245 0 0 _aشاعر الحرية: عبد الناصر صالح
264 3 1 _aعمان: المؤلف، 2013
300 _a137ص
336 _atext
_btxt
_2rdacontent
337 _aunmediated
_bn
_2rdamedia
338 _avolume
_bnc
_2rdacarrier
650 4 _aالنقد الادبي - التحليل الادبي
_950406
999 _aA22202
_c25770
_d25770